00586nam a22001817a 450000500170000001000150001702000260003203500130005803700130007108200160008410000160010024501030011626000390021927000450025830000260030350000510032970000240038020150617114348.0 aENG-112854 c695.00a9788125057741 aEN-96386 bDBAD/PUB a332.6730954 aPant, Manoj aFDI in India :cby Manoj Pant [and] Deepika Srivastavabhistory,policy and the Asian perspective / aNew DelhibOrient Blackswanc2015  a1/24, Asaf Ali Road, bNew Delhie110002 axix,298p. c24cm(Hb)  aIncludes bibliographical references and index  aSrivastava, Deepika